000 00444ntaaa2200181 4500
003 01
005 20251027202850.0
008 0714s1973 ag 01
040 _aAR-BaBN
_bspa
_cAR-BaBN
_eaacr
_dRIC
082 _a269.0000 St8
245 _aEvangelism-in-depth
250 _a1 ed.
260 _aChicago :
_bMoody Press,
_c1961
300 _a126 p
650 _aevanglismo a fondo
_929202
700 _aStrachan, R. Kenneth
_929203
942 _cBK
999 _c24030
_d24030